[Event "Paul Keres mem (34th)"]
[Site "New Westminster CAN"]
[Date "2009.05.16"]
[Round "3"]
[White "Yoos, John"]
[Black "Cheng, Bindi"]
[Result "1-0"]
[WhiteElo "2403"]
[BlackElo "2374"]
[PlyCount "79"]
[GameId "2160767910156694"]
[EventDate "2009.05.15"]
[EventType "swiss"]
[EventRounds "7"]
[EventCountry "CAN"]
[SourceTitle "EXT 2011"]
[Source "ChessBase"]
[SourceDate "2011.11.26"]
[SourceVersion "1"]
[SourceVersionDate "2011.11.26"]
[SourceQuality "1"]

1. e4 c5 2. Nf3 d6 3. d4 cxd4 4. Nxd4 Nf6 5. Nc3 a6 6. Bg5 e6 7. f4 Nbd7 8. Qf3 Qc7 9. O-O-O b5 10. Bxb5 axb5 11. Ndxb5 Qb6 12. e5 Bb7 13. Qe2 dxe5 14. fxe5 Nd5 15. Nxd5 Bxd5 16. Rxd5 exd5 17. Nd6+ Bxd6 18. exd6+ Kf8 19. Qe7+ Kg8 20. Qxd7 h6 21. Be7 Rxa2 22. Qc8+ Kh7 23. Qf5+ Kg8 24. d7 Qxb2+ 25. Kd2 Qd4+ 26. Ke2 Qc4+ 27. Kf3 Qc3+ 28. Qd3 Qxd3+ 29. cxd3 Kh7 30. d8=Q Rxd8 31. Bxd8 Rd2 32. Ke3 Rxg2 33. Kd4 Rd2 34. h4 f5 35. h5 g5 36. hxg6+ Kxg6 37. Rg1+ Kf7 38. Bc7 Kf6 39. Be5+ Kf7 40. Rg7+ 1-0

[Event "Paul Keres mem (34th)"]
[Site "New Westminster CAN"]
[Date "2009.05.16"]
[Round "3.4"]
[White "Cadman, Charles"]
[Black "Kostin, Andrey"]
[Result "1-0"]
[WhiteElo "2332"]
[BlackElo "2063"]
[PlyCount "61"]
[GameId "2160767910156696"]
[EventDate "2009.05.15"]
[EventType "swiss"]
[EventRounds "7"]
[EventCountry "CAN"]

1. e4 e5 2. Nf3 Nc6 3. Bb5 a6 4. Ba4 Nf6 5. O-O Be7 6. Re1 b5 7. Bb3 d6 8. c3 O-O 9. h3 h6 10. d4 Re8 11. Nbd2 Bf8 12. Bc2 Bd7 13. Nf1 g6 14. Ng3 Bg7 15. Be3 Qe7 16. Qd2 Kh7 17. d5 Nd8 18. a4 Nb7 19. b4 c6 20. dxc6 Bxc6 21. Ra3 d5 22. exd5 Nxd5 23. axb5 axb5 24. Rxa8 Rxa8 25. Bd4 f6 26. Nh4 f5 27. Nxg6 Kxg6 28. Nxf5 Qg5 29. Nd6+ Kh5 30. Qe2+ Kh4 31. Nf5+ 1-0

[Event "Paul Keres mem (34th)"]
[Site "New Westminster CAN"]
[Date "2009.05.16"]
[Round "3.5"]
[White "Orlov, Georgi"]
[Black "Li, Changhe"]
[Result "1-0"]
[WhiteElo "2558"]
[BlackElo "2029"]
[PlyCount "77"]
[GameId "2160767910156697"]
[EventDate "2009.05.15"]
[EventType "swiss"]
[EventRounds "7"]
[EventCountry "CAN"]

1. d4 d5 2. c4 c6 3. Nc3 Nf6 4. Nf3 dxc4 5. e4 b5 6. e5 Nd5 7. a4 e6 8. Ng5 Nxc3 9. bxc3 Be7 10. Qg4 Bb7 11. Ne4 Kf8 12. h4 h5 13. Qf4 a5 14. Rb1 Qd5 15. Be2 Na6 16. Rh3 g6 17. Bf3 Qd7 18. Nf6 Bxf6 19. Qxf6 Rg8 20. Be4 Nc7 21. axb5 Nxb5 22. Qf4 Ke8 23. Rf3 Qe7 24. g4 Ra7 25. Qg3 Qf8 26. Bg5 a4 27. gxh5 gxh5 28. Qf4 Ba8 29. d5 cxd5 30. Rxb5 Rb7 31. Rxb7 Bxb7 32. Bc2 Bc6 33. Qf6 Rxg5 34. hxg5 Qe7 35. Qh8+ Qf8 36. Qxf8+ Kxf8 37. g6 Be8 38. gxf7 Bxf7 39. Bxa4 1-0

[Event "Paul Keres mem (34th)"]
[Site "New Westminster CAN"]
[Date "2009.05.17"]
[Round "4"]
[White "Cadman, Charles"]
[Black "Yoos, John"]
[Result "1/2-1/2"]
[WhiteElo "2332"]
[BlackElo "2403"]
[PlyCount "30"]
[GameId "2160767910156698"]
[EventDate "2009.05.15"]
[EventType "swiss"]
[EventRounds "7"]
[EventCountry "CAN"]
[SourceTitle "EXT 2011"]
[Source "ChessBase"]
[SourceDate "2011.11.26"]
[SourceVersion "1"]
[SourceVersionDate "2011.11.26"]
[SourceQuality "1"]

1. e4 c5 2. Nf3 d6 3. d4 Nf6 4. Nc3 cxd4 5. Nxd4 Nc6 6. Be2 g6 7. Be3 Bg7 8. Qd2 O-O 9. O-O-O Nxd4 10. Bxd4 Be6 11. Rhg1 Qa5 12. g4 Rfc8 13. g5 Nd7 14. a3 Bxd4 15. Qxd4 Qc5 1/2-1/2

[Event "Paul Keres mem (34th)"]
[Site "New Westminster CAN"]
[Date "2009.05.17"]
[Round "4"]
[White "Gansvind, Valeriya"]
[Black "Orlov, Georgi"]
[Result "0-1"]
[WhiteElo "2351"]
[BlackElo "2558"]
[PlyCount "130"]
[GameId "2160767910156699"]
[EventDate "2009.05.15"]
[EventType "swiss"]
[EventRounds "7"]
[EventCountry "CAN"]
[SourceTitle "EXT 2011"]
[Source "ChessBase"]
[SourceDate "2011.11.26"]
[SourceVersion "1"]
[SourceVersionDate "2011.11.26"]
[SourceQuality "1"]

1. b3 Nf6 2. Bb2 d6 3. Bxf6 gxf6 4. d4 f5 5. e3 Bg7 6. c3 O-O 7. g3 c5 8. Bg2 cxd4 9. exd4 e5 10. Ne2 Nc6 11. O-O exd4 12. cxd4 f4 13. Nxf4 Bxd4 14. Nd2 Bxa1 15. Qxa1 Ne5 16. Qd4 Qb6 17. Qb2 Bf5 18. Nd5 Qd8 19. f4 Nd7 20. Qd4 Be6 21. Nc4 Bxd5 22. Bxd5 Qf6 23. Rd1 Qxd4+ 24. Rxd4 Nc5 25. f5 Rad8 26. Bf3 Rfe8 27. b4 Nd7 28. Bxb7 Ne5 29. Bd5 Nxc4 30. Bxc4 Re5 31. Bd3 Kg7 32. Kf2 h6 33. g4 d5 34. h4 Rc8 35. g5 hxg5 36. hxg5 Rc3 37. b5 Ra3 38. Bb1 Rh3 39. Ra4 Rh2+ 40. Kf3 Rh1 41. Bc2 Rh3+ 42. Kg4 Rc3 43. Kf4 Re1 44. f6+ Kf8 45. Bb3 Re4+ 46. Rxe4 dxe4 47. Kxe4 Rc5 48. Kf4 Rxb5 49. Bc2 Rc5 50. Bb3 Rb5 51. Bc2 a5 52. a4 Rb2 53. Bd1 Kg8 54. Ke5 Rg2 55. Kf5 Rf2+ 56. Ke5 Rg2 57. Kf5 Rg3 58. Be2 Rc3 59. Bb5 Kh7 60. Be2 Rc5+ 61. Kf4 Rd5 62. Bh5 Kg8 63. Ke4 Rxg5 64. Be2 Kh7 65. Kf4 Kg6 0-1

[Event "Paul Keres mem (34th)"]
[Site "New Westminster CAN"]
[Date "2009.05.17"]
[Round "4"]
[White "Piasetski, Leon"]
[Black "Pechisker, Alfred"]
[Result "0-1"]
[WhiteElo "2424"]
[BlackElo "2294"]
[PlyCount "62"]
[GameId "2160767910156700"]
[EventDate "2009.05.15"]
[EventType "swiss"]
[EventRounds "7"]
[EventCountry "CAN"]
[SourceTitle "EXT 2011"]
[Source "ChessBase"]
[SourceDate "2011.11.26"]
[SourceVersion "1"]
[SourceVersionDate "2011.11.26"]
[SourceQuality "1"]

1. Nf3 d5 2. c4 d4 3. e3 c5 4. exd4 cxd4 5. d3 Nc6 6. g3 e5 7. Bg2 f6 8. O-O Bg4 9. h3 Be6 10. Na3 Qd7 11. Kh2 h5 12. Rb1 Nh6 13. Bxh6 Rxh6 14. Nc2 g5 15. Nd2 f5 16. b4 h4 17. b5 Nd8 18. Re1 hxg3+ 19. fxg3 Nf7 20. Nf3 f4 21. Nxe5 fxg3+ 22. Kg1 Nxe5 23. Rxe5 O-O-O 24. c5 Bxh3 25. Rd5 Qe6 26. Rxd8+ Kxd8 27. Qf3 Bxg2 28. Qxf8+ Kd7 29. Re1 Rh1+ 30. Kxg2 Qh3+ 31. Kf3 Rf1+ 0-1

[Event "Paul Keres mem (34th)"]
[Site "New Westminster CAN"]
[Date "2009.05.17"]
[Round "4.2"]
[White "Jiganchine, Roman"]
[Black "Gentes, Kevin"]
[Result "1/2-1/2"]
[WhiteElo "2240"]
[BlackElo "2240"]
[PlyCount "48"]
[GameId "2160767910156701"]
[EventDate "2009.05.15"]
[EventType "swiss"]
[EventRounds "7"]
[EventCountry "CAN"]

1. e4 c5 2. Nf3 d6 3. d4 cxd4 4. Nxd4 Nf6 5. Nc3 a6 6. Be2 e6 7. O-O Qc7 8. f4 Be7 9. a4 Nc6 10. Be3 O-O 11. Kh1 Rd8 12. Bd3 Bd7 13. Nb3 b6 14. Bf2 Be8 15. Qe2 Nb4 16. Bg3 Nxd3 17. cxd3 Rac8 18. h3 b5 19. axb5 axb5 20. Rfc1 Qb8 21. e5 dxe5 22. fxe5 Nd5 23. Ne4 Rxc1+ 24. Rxc1 Qb6 1/2-1/2

[Event "Paul Keres mem (34th)"]
[Site "New Westminster CAN"]
[Date "2009.05.17"]
[Round "4.5"]
[White "Cheng, Bindi"]
[Black "Milicevic, Dragoljub"]
[Result "1-0"]
[WhiteElo "2374"]
[BlackElo "2166"]
[PlyCount "65"]
[GameId "2160767910156702"]
[EventDate "2009.05.15"]
[EventType "swiss"]
[EventRounds "7"]
[EventCountry "CAN"]

1. d4 d5 2. c4 e6 3. Nf3 c6 4. Nc3 f5 5. Bf4 Nf6 6. e3 Be7 7. h3 Nbd7 8. g4 O-O 9. Qb3 Ne4 10. gxf5 Nxc3 11. bxc3 Rxf5 12. Bd3 Rf8 13. Rg1 Kh8 14. Qc2 h6 15. h4 Rxf4 16. exf4 Qf8 17. Qd2 c5 18. Bb1 cxd4 19. Qd3 Qf5 20. Qxd4 Qf6 21. Bd3 Bd6 22. Qxf6 gxf6 23. f5 Nc5 24. Bc2 exf5 25. Rd1 Be6 26. Nd4 Bf7 27. Nxf5 Be5 28. Nxh6 Bxc3+ 29. Kf1 Be6 30. cxd5 Bh3+ 31. Ke2 Re8+ 32. Kf3 f5 33. Nf7+ 1-0

[Event "Paul Keres mem (34th)"]
[Site "New Westminster CAN"]
[Date "2009.05.17"]
[Round "4.11"]
[White "Huang, Richard"]
[Black "Li, Changhe"]
[Result "0-1"]
[WhiteElo "1929"]
[BlackElo "2029"]
[PlyCount "80"]
[GameId "2160767910156703"]
[EventDate "2009.05.15"]
[EventType "swiss"]
[EventRounds "7"]
[EventCountry "CAN"]

1. d4 d5 2. c4 c6 3. Nc3 Nf6 4. Nf3 dxc4 5. a4 Bf5 6. e3 e6 7. Bxc4 Bb4 8. O-O O-O 9. Qb3 Qe7 10. Bd2 a5 11. Rfd1 Qc7 12. Rac1 Bxc3 13. Bxc3 Ne4 14. Nd2 Nxc3 15. bxc3 Nd7 16. e4 Bg6 17. Bd3 e5 18. Qc2 Rfd8 19. Nf3 Bh5 20. Be2 Bxf3 21. Bxf3 b5 22. Rb1 Nb6 23. axb5 cxb5 24. Rxb5 exd4 25. Qb3 a4 26. Qb4 Qxc3 27. Rxb6 a3 28. Qxc3 dxc3 29. Rbb1 a2 30. Ra1 c2 31. Rdc1 Rdb8 32. e5 Ra5 33. Bd1 Rb1 34. Rxc2 g6 35. Rc1 Rxc1 36. Rxc1 a1=Q 37. Rc8+ Kg7 38. Rd8 Rxe5 39. g3 Re1+ 40. Kg2 Rxd1 0-1

[Event "Paul Keres mem (34th)"]
[Site "New Westminster CAN"]
[Date "2009.05.17"]
[Round "4.13"]
[White "Cheng, Jack"]
[Black "Leblanc, Paul"]
[Result "1-0"]
[WhiteElo "2374"]
[BlackElo "1906"]
[PlyCount "63"]
[GameId "2160767910156704"]
[EventDate "2009.05.15"]
[EventType "swiss"]
[EventRounds "7"]
[EventCountry "CAN"]

1. e4 c6 2. d4 d5 3. e5 Bf5 4. Nf3 e6 5. Be2 c5 6. O-O Ne7 7. c3 Nd7 8. Be3 Nc6 9. a3 Be7 10. b4 c4 11. Ne1 b5 12. f4 a5 13. Nd2 h6 14. g4 Bh7 15. Ng2 O-O 16. f5 Bg5 17. Nf3 Bxe3+ 18. Nxe3 axb4 19. axb4 Qb6 20. Qd2 Qb7 21. Nh4 Rxa1 22. Rxa1 Ra8 23. Rf1 Qa7 24. Bf3 Nb6 25. Qf2 Qa2 26. Be2 Qa7 27. Qf3 Qd7 28. Qf4 Ra3 29. g5 hxg5 30. Qxg5 Rxc3 31. f6 g6 32. Qh6 1-0

[Event "Paul Keres mem (34th)"]
[Site "New Westminster CAN"]
[Date "2009.05.17"]
[Round "5"]
[White "Kostin, Andrey"]
[Black "Gansvind, Valeriya"]
[Result "0-1"]
[WhiteElo "2063"]
[BlackElo "2351"]
[PlyCount "42"]
[GameId "2160767910156705"]
[EventDate "2009.05.15"]
[EventType "swiss"]
[EventRounds "7"]
[EventCountry "CAN"]
[SourceTitle "EXT 2011"]
[Source "ChessBase"]
[SourceDate "2011.11.26"]
[SourceVersion "1"]
[SourceVersionDate "2011.11.26"]
[SourceQuality "1"]

1. e4 c5 2. Nf3 e6 3. d4 cxd4 4. Nxd4 a6 5. Nc3 Qc7 6. g3 d6 7. Bg2 Nf6 8. O-O Be7 9. Be3 Nbd7 10. f4 Nb6 11. h3 h5 12. Bf3 g6 13. Bf2 e5 14. Nde2 Bxh3 15. Bg2 Bg4 16. Qc1 Rc8 17. Re1 Nbd7 18. a4 Be6 19. b3 Ng4 20. a5 Nxf2 21. Kxf2 h4 0-1

[Event "Paul Keres mem (34th)"]
[Site "New Westminster CAN"]
[Date "2009.05.17"]
[Round "5"]
[White "Trochtchanovitch, Pavel"]
[Black "Gornall, Kirk"]
[Result "1-0"]
[WhiteElo "2003"]
[BlackElo "2120"]
[PlyCount "63"]
[GameId "2160767910156706"]
[EventDate "2009.05.15"]
[EventType "swiss"]
[EventRounds "7"]
[EventCountry "CAN"]
[SourceTitle "EXT 2011"]
[Source "ChessBase"]
[SourceDate "2011.11.26"]
[SourceVersion "1"]
[SourceVersionDate "2011.11.26"]
[SourceQuality "1"]

1. e4 Nf6 2. e5 Nd5 3. d4 d6 4. Nf3 dxe5 5. Nxe5 g6 6. c4 Nb6 7. Be3 Bg7 8. Nc3 c6 9. Qd2 Be6 10. b3 N8d7 11. Nf3 Bg4 12. Be2 O-O 13. h3 Bxf3 14. Bxf3 Nf6 15. O-O e5 16. Rad1 exd4 17. Bxd4 Qc7 18. Qb2 Rfd8 19. Ne4 Ng4 20. hxg4 Rxd4 21. Rxd4 c5 22. Nxc5 Qxc5 23. Rfd1 Re8 24. Kh2 Nd7 25. Qd2 Qc7+ 26. g3 Bxd4 27. Qxd4 Ne5 28. Bd5 Qd7 29. Kg2 b6 30. Qf4 Kg7 31. Re1 Nc6 32. Rh1 1-0

[Event "Paul Keres mem (34th)"]
[Site "New Westminster CAN"]
[Date "2009.05.17"]
[Round "5"]
[White "Yoos, John"]
[Black "Orlov, Georgi"]
[Result "1/2-1/2"]
[WhiteElo "2403"]
[BlackElo "2558"]
[PlyCount "98"]
[GameId "2160767910156707"]
[EventDate "2009.05.15"]
[EventType "swiss"]
[EventRounds "7"]
[EventCountry "CAN"]
[SourceTitle "EXT 2011"]
[Source "ChessBase"]
[SourceDate "2011.11.26"]
[SourceVersion "1"]
[SourceVersionDate "2011.11.26"]
[SourceQuality "1"]

1. e4 c6 2. d4 d5 3. e5 Bf5 4. Nc3 e6 5. g4 Bg6 6. Nge2 Ne7 7. Ng3 f6 8. f4 fxe5 9. dxe5 Qb6 10. Bh3 Nd7 11. Nce2 Bf7 12. Nd4 c5 13. Nf3 c4 14. Qd4 Nc6 15. Qxb6 axb6 16. Ne2 Bc5 17. c3 O-O 18. Ned4 Bxd4 19. Nxd4 Nc5 20. Be3 Nxd4 21. Bxd4 Nd3+ 22. Kd2 Bg6 23. f5 exf5 24. gxf5 Bxf5 25. Bxf5 Rxf5 26. Raf1 Raf8 27. Rxf5 Rxf5 28. e6 b5 29. b3 Kf8 30. a4 Ne5 31. Bc5+ Ke8 32. axb5 b6 33. Bxb6 cxb3 34. Bc5 Rf6 35. b6 Rxe6 36. b7 Nc6 37. Ba7 Rg6 38. b8=Q+ Nxb8 39. Bxb8 Rg2+ 40. Kd3 Kd7 41. Be5 Ke6 42. Bg3 b2 43. Re1+ Kf5 44. Rb1 g5 45. Kd4 Rd2+ 46. Kc5 Ke4 47. Kb4 d4 48. cxd4 Kxd4 49. Kb3 h5 1/2-1/2

[Event "Paul Keres mem (34th)"]
[Site "New Westminster CAN"]
[Date "2009.05.18"]
[Round "5.2"]
[White "Gentes, Kevin"]
[Black "Cheng, Bindi"]
[Result "0-1"]
[WhiteElo "2240"]
[BlackElo "2374"]
[PlyCount "72"]
[GameId "2160767739448192"]
[EventDate "2009.05.15"]
[EventType "swiss"]
[EventRounds "7"]
[EventCountry "CAN"]

1. Nf3 d5 2. g3 c5 3. Bg2 Nc6 4. d4 Nf6 5. O-O e6 6. c4 cxd4 7. Nxd4 Bc5 8. Nxc6 bxc6 9. Qc2 Be7 10. b3 O-O 11. Bb2 Bb7 12. Rd1 Qb8 13. Nd2 e5 14. e3 Bd6 15. Rac1 Re8 16. Bc3 a5 17. Rb1 Bc8 18. cxd5 cxd5 19. Nc4 Bg4 20. Rxd5 Nxd5 21. Bxd5 Ra6 22. Bxa5 Bb4 23. Bxb4 Qxb4 24. a3 Qc5 25. e4 Rf6 26. b4 Qd4 27. Qd2 Rc8 28. Qxd4 exd4 29. e5 Rh6 30. b5 Be6 31. Nd6 Rb8 32. Be4 f6 33. f4 fxe5 34. fxe5 Rh5 35. Re1 Bb3 36. Bd3 Kf8 {Time.} 0-1

[Event "Paul Keres mem (34th)"]
[Site "New Westminster CAN"]
[Date "2009.05.17"]
[Round "5.3"]
[White "Wu, Howard"]
[Black "Cadman, Charles"]
[Result "0-1"]
[WhiteElo "2235"]
[BlackElo "2332"]
[PlyCount "74"]
[GameId "2160767910156708"]
[EventDate "2009.05.15"]
[EventType "swiss"]
[EventRounds "7"]
[EventCountry "CAN"]

1. e4 c5 2. Nf3 e6 3. c3 Nf6 4. e5 Nd5 5. d4 cxd4 6. cxd4 b6 7. Nc3 Nxc3 8. bxc3 Ba6 9. Bxa6 Nxa6 10. Qd3 Nc7 11. O-O Be7 12. Nd2 O-O 13. Ne4 f5 14. exf6 gxf6 15. Bf4 Kh8 16. c4 d5 17. Bxc7 Qxc7 18. cxd5 exd5 19. Ng3 Rac8 20. Qf3 Qd7 21. Nf5 Bb4 22. Rac1 Rc4 23. Rcd1 Ba5 24. Ne3 Ra4 25. Nxd5 Rxa2 26. Nxf6 Qe6 27. Qd5 Rxf6 28. Qa8+ Qg8 29. Qxa7 Be1 30. Qe7 Bxf2+ 31. Kh1 Bh4 32. Qe4 Re6 33. Qb7 Ree2 34. Rg1 Qa8 35. Qxa8+ Rxa8 36. Rb1 Rb8 37. Rb5 Bf2 0-1

[Event "Paul Keres mem (34th)"]
[Site "New Westminster CAN"]
[Date "2009.05.18"]
[Round "5.4"]
[White "Pechisker, Alfred"]
[Black "Jiganchine, Roman"]
[Result "1/2-1/2"]
[WhiteElo "2294"]
[BlackElo "2240"]
[PlyCount "79"]
[GameId "2160767910156709"]
[EventDate "2009.05.15"]
[EventType "swiss"]
[EventRounds "7"]
[EventCountry "CAN"]

1. d4 d5 2. c4 dxc4 3. Nf3 Nf6 4. Nc3 c6 5. a4 Bf5 6. e3 e6 7. Bxc4 Bb4 8. O-O O-O 9. Na2 Bd6 10. b4 Nbd7 11. Bb2 Qe7 12. b5 e5 13. dxe5 Nxe5 14. Bxe5 Bxe5 15. Nxe5 Qxe5 16. bxc6 bxc6 17. Qf3 Be4 18. Qg3 Qa5 19. Bb3 Rab8 20. Nc1 Qc3 21. Ra3 Qc5 22. Ra2 Qc3 23. Ra3 Bd5 24. e4 Qxg3 25. hxg3 Bxe4 26. f3 Bg6 27. Re1 Rfd8 28. Re7 Re8 29. Rxe8+ Rxe8 30. Kf2 Kf8 31. a5 Ke7 32. Ba4 Kd6 33. Rc3 Rc8 34. Nb3 Nd5 35. Rc1 a6 36. Nc5 Nb4 37. Ke3 Re8+ 38. Kd4 Re2 39. Nxa6 Ra2 40. Nc5 1/2-1/2

[Event "Paul Keres mem (34th)"]
[Site "New Westminster CAN"]
[Date "2009.05.17"]
[Round "5.6"]
[White "Li, Changhe"]
[Black "Tang, Edward"]
[Result "1-0"]
[WhiteElo "2029"]
[BlackElo "1990"]
[PlyCount "69"]
[GameId "2160767910156710"]
[EventDate "2009.05.15"]
[EventType "swiss"]
[EventRounds "7"]
[EventCountry "CAN"]

1. e4 e5 2. Nc3 Nf6 3. g3 d5 4. exd5 Nxd5 5. Bg2 Nxc3 6. bxc3 Bd6 7. Nf3 Nd7 8. O-O O-O 9. d4 c6 10. Re1 exd4 11. cxd4 Nf6 12. Qd3 Be6 13. Ng5 Bd5 14. c4 Bxg2 15. Kxg2 h6 16. Nf3 Qd7 17. Bd2 Rfe8 18. Bc3 Rxe1 19. Rxe1 Re8 20. Rxe8+ Nxe8 21. d5 Bb8 22. Qd4 cxd5 23. Qxd5 Qxd5 24. cxd5 Kf8 25. Nd4 Nf6 26. Nf5 g6 27. Bxf6 gxf5 28. Kf3 Ke8 29. h3 h5 30. Bg5 Kd7 31. Bf4 Bxf4 32. Kxf4 Kd6 33. Kxf5 Kxd5 34. h4 b5 35. g4 1-0

[Event "Paul Keres mem (34th)"]
[Site "New Westminster CAN"]
[Date "2009.05.18"]
[Round "6"]
[White "Gansvind, Valeriya"]
[Black "Wu, Howard"]
[Result "0-1"]
[WhiteElo "2351"]
[BlackElo "2235"]
[PlyCount "136"]
[GameId "2160767910156711"]
[EventDate "2009.05.15"]
[EventType "swiss"]
[EventRounds "7"]
[EventCountry "CAN"]
[SourceTitle "EXT 2011"]
[Source "ChessBase"]
[SourceDate "2011.11.26"]
[SourceVersion "1"]
[SourceVersionDate "2011.11.26"]
[SourceQuality "1"]

1. b3 g6 2. Bb2 Nf6 3. Bxf6 exf6 4. d4 f5 5. e3 Bg7 6. c3 O-O 7. g3 d5 8. Bg2 c6 9. Ne2 Nd7 10. O-O b6 11. Nd2 Ba6 12. Re1 Nf6 13. c4 Rc8 14. Rc1 Ne4 15. cxd5 cxd5 16. Rxc8 Qxc8 17. Nf4 Rd8 18. f3 Nc3 19. Qa1 g5 20. Nh3 h6 21. Kh1 Rd7 22. b4 Rc7 23. a4 Bd3 24. Nf2 Bc2 25. f4 Bxa4 26. Nf3 g4 27. Ne5 Bxe5 28. fxe5 Bc2 29. Qb2 Ne4 30. Nxe4 Bxe4 31. Bxe4 fxe4 32. Qf2 Rc1 33. Rf1 Rxf1+ 34. Qxf1 Qc2 35. h3 gxh3 36. Qxh3 Qc1+ 37. Kh2 Qd2+ 38. Kh1 Qe1+ 39. Kg2 Qe2+ 40. Kh1 Qxe3 41. Qc8+ Kg7 42. Qd7 Qxg3 43. Qxd5 Qf3+ 44. Kh2 Qf5 45. b5 h5 46. Qa2 h4 47. Qd2 Qg4 48. Qe3 Kf8 49. Qh6+ Kg8 50. Qe3 Kh7 51. Qf2 Kg7 52. Qf6+ Kg8 53. Qf2 Qg5 54. Kh1 e3 55. Qf3 Qg3 56. Qe4 h3 57. e6 fxe6 58. Qxe6+ Kh7 59. Qe4+ Kh6 60. d5 h2 61. Qe6+ Kh5 62. Qf5+ Kh4 63. Qe4+ Kg5 64. Qe7+ Kf4 65. Qf7+ Ke4 66. Qe6+ Kd3 67. Qf5+ Kd2 68. Qf1 Qg1+ 0-1

[Event "Paul Keres mem (34th)"]
[Site "New Westminster CAN"]
[Date "2009.05.18"]
[Round "6"]
[White "Gornall, Kirk"]
[Black "Daswani, Benedict"]
[Result "0-1"]
[WhiteElo "2120"]
[BlackElo "2092"]
[PlyCount "70"]
[GameId "2160767910156712"]
[EventDate "2009.05.15"]
[EventType "swiss"]
[EventRounds "7"]
[EventCountry "CAN"]
[SourceTitle "EXT 2011"]
[Source "ChessBase"]
[SourceDate "2011.11.26"]
[SourceVersion "1"]
[SourceVersionDate "2011.11.26"]
[SourceQuality "1"]

1. f4 d6 2. Nf3 Nf6 3. d3 c5 4. g3 Nc6 5. Bg2 g6 6. O-O Bg7 7. Nc3 Bd7 8. e4 Qc8 9. Nd5 O-O 10. c3 e5 11. fxe5 Nxd5 12. exd5 Nxe5 13. Nxe5 Bxe5 14. Bh6 Re8 15. Qf3 f6 16. Rae1 Bf5 17. h3 Qd8 18. g4 Bd7 19. Qf2 f5 20. Kh1 g5 21. h4 gxh4 22. gxf5 Bg3 23. Rxe8+ Qxe8 24. Qd2 Qh5 25. f6 Kf7 26. Be4 Qg4 27. Qg2 h3 28. Qf3 Rg8 29. Bg7 h5 30. Bf5 Bxf5 31. Qxf5 Qxf5 32. Rxf5 Re8 33. Rf1 Re2 34. b4 cxb4 35. cxb4 Rxa2 0-1

[Event "Paul Keres mem (34th)"]
[Site "New Westminster CAN"]
[Date "2009.05.18"]
[Round "6"]
[White "Pechisker, Alfred"]
[Black "Yoos, John"]
[Result "0-1"]
[WhiteElo "2294"]
[BlackElo "2403"]
[PlyCount "60"]
[GameId "2160767910156713"]
[EventDate "2009.05.15"]
[EventType "swiss"]
[EventRounds "7"]
[EventCountry "CAN"]
[SourceTitle "EXT 2011"]
[Source "ChessBase"]
[SourceDate "2011.11.26"]
[SourceVersion "1"]
[SourceVersionDate "2011.11.26"]
[SourceQuality "1"]

1. d4 Nf6 2. c4 e6 3. Nf3 Nc6 4. Nc3 Bb4 5. Qc2 d6 6. Bg5 h6 7. Bxf6 Qxf6 8. a3 Bxc3+ 9. Qxc3 O-O 10. g3 Re8 11. Rd1 a5 12. b3 e5 13. d5 Nb8 14. Bg2 Nd7 15. Nd2 Qg6 16. e4 b6 17. O-O f5 18. exf5 Qxf5 19. Rde1 Qh5 20. b4 axb4 21. axb4 Nf6 22. Ne4 Nxe4 23. Rxe4 Bf5 24. Re3 Ra2 25. Qb3 Rea8 26. c5 Ra1 27. Rfe1 Qg4 28. c6 Qd4 29. Bf1 Qd2 30. R1e2 Rxf1+ 0-1

[Event "Paul Keres mem (34th)"]
[Site "New Westminster CAN"]
[Date "2009.05.18"]
[Round "6.2"]
[White "Cheng, Bindi"]
[Black "Cadman, Charles"]
[Result "1-0"]
[WhiteElo "2374"]
[BlackElo "2332"]
[PlyCount "47"]
[GameId "2160767910156714"]
[EventDate "2009.05.15"]
[EventType "swiss"]
[EventRounds "7"]
[EventCountry "CAN"]

1. d4 Nf6 2. Nf3 g6 3. Nc3 d5 4. Bf4 Bg7 5. Qd2 O-O 6. Bh6 Nbd7 7. Bxg7 Kxg7 8. Qf4 c6 9. O-O-O b5 10. g4 b4 11. Nb1 Qa5 12. h4 h5 13. gxh5 Nxh5 14. Qg5 Ndf6 15. Rg1 Qxa2 16. Ne5 Rh8 17. e3 Be6 18. Bd3 Rh6 19. f4 Ne4 20. Qxe7 Nhg3 21. Bxe4 Ne2+ 22. Kd2 dxe4 23. Kxe2 Rah8 24. Nxg6 1-0

[Event "Paul Keres mem (34th)"]
[Site "New Westminster CAN"]
[Date "2009.05.18"]
[Round "6.3"]
[White "Orlov, Georgi"]
[Black "Trochtchanovitch, Pavel"]
[Result "1-0"]
[WhiteElo "2558"]
[BlackElo "2003"]
[PlyCount "87"]
[GameId "2160767910156715"]
[EventDate "2009.05.15"]
[EventType "swiss"]
[EventRounds "7"]
[EventCountry "CAN"]

1. d4 Nf6 2. Nf3 e6 3. g3 b6 4. Bg2 Bb7 5. O-O c5 6. c4 cxd4 7. Qxd4 Nc6 8. Qf4 Bc5 9. Nc3 O-O 10. Rd1 Rb8 11. a3 Ne7 12. Ng5 Ng6 13. Qd2 Bxg2 14. Kxg2 Qc7 15. b3 Rbd8 16. e4 Ng4 17. Nh3 Nh4+ 18. Kh1 Nf3 19. Qe2 Nfxh2 20. Bf4 e5 21. Nd5 Qc6 22. Bg5 Qg6 23. f3 Qh5 24. Kg2 f6 25. Be3 Nxe3+ 26. Nxe3 f5 27. exf5 e4 28. Kxh2 exf3 29. Qf2 Rde8 30. Rd3 Re4 31. Re1 Rxf5 32. Nxf5 Bxf2 33. Rxe4 Bc5 34. g4 f2 35. gxh5 f1=Q 36. Rd5 g5 37. hxg6 hxg6 38. Nh6+ Kh8 39. Rxd7 Qf6 40. Re8+ Bf8 41. Rf7 Qd6+ 42. Nf4 Qd2+ 43. Kh3 Qc3+ 44. Kg4 1-0

[Event "Paul Keres mem (34th)"]
[Site "New Westminster CAN"]
[Date "2009.05.18"]
[Round "6.4"]
[White "Jiganchine, Roman"]
[Black "Li, Changhe"]
[Result "1/2-1/2"]
[WhiteElo "2240"]
[BlackElo "2029"]
[PlyCount "25"]
[GameId "2160767910156716"]
[EventDate "2009.05.15"]
[EventType "swiss"]
[EventRounds "7"]
[EventCountry "CAN"]

1. e4 c5 2. Nf3 e6 3. d4 cxd4 4. Nxd4 a6 5. Nc3 Qc7 6. Be2 Nf6 7. O-O d6 8. f4 b5 9. e5 dxe5 10. fxe5 Nfd7 11. Bf3 Bb7 12. Bf4 Nc6 13. Nxc6 1/2-1/2

[Event "Paul Keres mem (34th)"]
[Site "New Westminster CAN"]
[Date "2009.05.18"]
[Round "6.6"]
[White "Milicevic, Dragoljub"]
[Black "Gentes, Kevin"]
[Result "1/2-1/2"]
[WhiteElo "2166"]
[BlackElo "2240"]
[PlyCount "60"]
[GameId "2160767910156717"]
[EventDate "2009.05.15"]
[EventType "swiss"]
[EventRounds "7"]
[EventCountry "CAN"]

1. Nf3 Nf6 2. c4 d6 3. d4 Nbd7 4. b3 g6 5. Bb2 Bg7 6. Qc2 O-O 7. g3 Re8 8. Bg2 e5 9. dxe5 dxe5 10. O-O c6 11. e4 Qc7 12. Nc3 Nf8 13. h3 Ne6 14. Rad1 Nh5 15. Ne2 b6 16. Ba3 Bf8 17. Bxf8 Kxf8 18. Qd2 Bb7 19. Qd6+ Qxd6 20. Rxd6 Nc5 21. Nc3 a5 22. Rfd1 Re7 23. h4 Kg7 24. Ne1 Nf6 25. Nc2 Ne8 26. R6d2 Nc7 27. Rd6 Ne8 28. R6d2 Nc7 29. Rd6 N7a6 30. Ne3 Nc7 1/2-1/2